000 00444cas a2200157 4500
008 150316n eng u
020 _a0697003957
035 _a(Sirsi) a188801
050 _aQP 34.5 Dur 1989
100 _aDurham, Ross M.
245 _aHuman physiology /
_cRoss M. Durham.
260 _aDubuque, IA. :
_bWim C. Brown,
_c1989.
300 _axii, 779, 116 p. :
_biil.
555 _aIncludes index.
650 _aHuman physiology.
999 _c36365
_d36365